000 00784nam a2200253 a 4500
001 0000427
003 DO-SdBNP
005 20180223151339.0
007 0000427
008 091125s2011 xx a 000 0 spa d
020 _a9789962040248
040 _aBPMSU
_bspa
_cBPMSU
082 4 _axxxx
_bxxxx
100 1 _aGutierrez Riveros, Lilia
245 1 3 _aEl gran libro de los dinosaurios
_b3D /
_cLilia Gutierrez Riveros ; ilustraciones Carmelo Vergara, Javier GacharnĂ¡ Ramirez
260 _a[Colombia] :
_bLexus editores,
_c2011.
300 _a160 p. :
_bil. ;
_c35 cm.
_e+ CD ROOM y LENTES 3D
700 1 2 _aVergara, Carmelo,
_eil.
700 1 2 _aGacharnĂ¡ Ramirez, Javier
910 _a
942 _2ddc
_cBK
945 _aInventariado, 2018 / BT
956 _aYngrid Lockward
_b10
999 _c10493
_d10493